Knotted surfaces and their diagrams

Αποθηκεύτηκε σε:
Λεπτομέρειες βιβλιογραφικής εγγραφής
Κύριος συγγραφέας: Carter, J. Scott
Άλλοι συγγραφείς: Saito, Masahico 1959-
Μορφή: Βιβλίο
Γλώσσα:English
Δημοσίευση: Providence, R.I. : American Mathematical Society, c1998
Σειρά:Mathematical surveys and monographs ; ; 55
Θέματα:
Ετικέτες: Προσθήκη ετικέτας
Δεν υπάρχουν, Καταχωρήστε ετικέτα πρώτοι!

MARC

LEADER 00000nam a2200000 i 4500
001 1/58094
008 071011s1998 eng d
020 |a 0-8218-0593-2 
035 |l 10091428 
040 |a GR-MY-UA  |b gre  |e aacr 
041 0 |a eng 
082 0 |a 514.224  |2 (22) 
100 1 |a Carter, J. Scott. 
245 1 0 |a Knotted surfaces and their diagrams /  |c J. Scott Carter, Masahico Saito 
260 |a Providence, R.I. :   |b American Mathematical Society,   |c c1998 
300 |a xi, 258 σ.;  |b εικ.;  |c 26 εκ. 
490 1 |a Mathematical surveys and monographs  |v ; 55 
504 |a Περιλαμβάνει βιβλιογραφικές παραπομπές (σ. 243-255) και ευρετήριο 
650 0 0 |a Knot theory. 
650 0 0 |a Surfaces. 
700 1 |a Saito, Masahico  |d 1959- 
830 0 |a Mathematical surveys and monographs ;  |v ; 55 
852 |a INST  |b SAMOS  |e 20071011  |h 514.224 CAR  |p 005300028159  |q 005300028159  |t BK  |y 0 
901 |a BIBL3-2007-3 
909 |a Σ  |b 139349 
922 |a 3ΕΛΗ  |b 200709  |c ΕΠΕΑΕΚ2/ΤΜΗΜΑ ΜΑΘΗΜΑΤΙΚΩΝ  |d ΠΑΠΑΣΩΤΗΡΙΟΥ 
970 |a ΡΟΥΣΣΟΥ  |b ΚΩΝΣΤΑΝΤΙΝΑ  |z 2007/10/11